Optimalizácia polohy upínacích kolíkov na prípravku
Salvato in:
| Autore principale: | |
|---|---|
| Altri autori: | |
| Natura: | Manoscritto Libro |
| Lingua: | slovacco |
| Pubblicazione: |
Bratislava :
STU v Bratislave SjF,
2014
|
| Soggetti: | |
| Accesso online: | VAIS |
| Tags: |
Nessun Tag, puoi essere il primo ad aggiungerne!!
|
MARC
| LEADER | 00000ntm a22000003a 4500 | ||
|---|---|---|---|
| 001 | stu295761 | ||
| 005 | 20150617230317.7 | ||
| 008 | 140823s2014----xo------------------slo-d | ||
| 040 | |a STU |b slo | ||
| 041 | 0 | |a slo | |
| 044 | |a xo | ||
| 100 | 1 | |a Kozakovič, Radko, |d 1988- |4 aut |u J |T SjF Strojnícka fakulta |X 67975 |U J |Y 20 |7 A000067975 | |
| 242 | 0 | 0 | |a Optimization of the position of the clamping pins at the jig |y eng |
| 245 | 1 | |a Optimalizácia polohy upínacích kolíkov na prípravku | |
| 260 | |a Bratislava : |b STU v Bratislave SjF, |c 2014 | ||
| 650 | 7 | |a aplikovaná mechanika |2 stusub | |
| 650 | 7 | |a Applied Mechanics |2 estusub | |
| 650 | 7 | |a deformation analysis |2 estusub | |
| 650 | 7 | |a optimization |2 estusub | |
| 650 | 7 | |a prípravok |2 stusub | |
| 650 | 7 | |a optimalizácia |2 stusub | |
| 700 | 1 | |a Jančo, Roland, |d 1976- |4 ths |u J220 |U SjF Ústav aplikovanej mechaniky a mechatroniky |T SjF Katedra pružnosti a pevnosti |X 2227 |U J220 |Y 45 |7 A000002227 | |
| 856 | 4 | |a info a plný text |u http://is.stuba.sk/zp/portal_zp.pl?podrobnosti=103578 |3 VAIS | |